000 00605nam a2200217 i 4500
001 bg
100 1 _aPRUSSAK, Waldemar
245 1 0 _aZarządzanie jakością :
_bwybrane elementy /
_cWaldemar Prussak.
260 _aPoznań :
_bWydaw. Politechniki Poznańskiej,
_c2003.
300 _a155 s. :
_bil. ;
_c24 cm.
504 _aBibliogr.
650 9 _aZarządzanie jakością
655 _aPodręczniki akademickie
020 _a837143541X
040 _cBPK
041 0 _apol
080 _a658.56.012.4(075.8)
920 _a83-7143-541-X
942 _cKS
008 s pl f |000 0 pol
999 _c43637
_d43637
856 _uhttp://koha.tu.koszalin.pl/cgi-bin/koha/opac-detail.pl?biblionumber=43637
_yKatalog online BPK